Weight restriction approach in a two-stage network structure: A DEA-based approach (Record no. 529029)
[ view plain ]
| 000 -LEADER | |
|---|---|
| fixed length control field | 01373nam a22001457a 4500 |
| 008 - FIXED-LENGTH DATA ELEMENTS--GENERAL INFORMATION | |
| fixed length control field | 250212b ||||| |||| 00| 0 eng d |
| 100 ## - MAIN ENTRY--PERSONAL NAME | |
| Personal name | Azam Yekta, Pourhabib and Maghbouli, Mahnaz |
| 245 ## - TITLE STATEMENT | |
| Title | Weight restriction approach in a two-stage network structure: A DEA-based approach |
| 260 ## - PUBLICATION, DISTRIBUTION, ETC. (IMPRINT) | |
| Place of publication, distribution, etc | Vikalpa: The Journal for Decision Makers |
| 300 ## - PHYSICAL DESCRIPTION | |
| Extent | 49(4), Oct-Dec, 2024: p.290-301 |
| 520 ## - SUMMARY, ETC. | |
| Summary, etc | The standard data envelopment analysis model aimed to maximize the efficiency scores using the most favourable input/output weights. In two-stage network structures, the presence of intermediate undesirable measures leads to a distinct domain of weight restriction study. In the presence of undesirable intermediate measures and equipped with non-cooperative game theory, this study developes a joint weight restriction approach to derive a common set of weights. Concurrently, the overall efficiency of the system can be evaluated. Numerical instances of 34 OECD countries in 2012 have been presented to elucidate the details and applicability of the proposed method.- Reproduced https://journals.sagepub.com/doi/full/10.1177/02560909241295830 |
| 650 ## - SUBJECT ADDED ENTRY--TOPICAL TERM | |
| Topical term or geographic name as entry element | Data envelopment analysis (DEA), Non-cooperative approach, Joint wight restriction, Two-stage network structure. |
| 9 (RLIN) | 50650 |
| 773 ## - HOST ITEM ENTRY | |
| Main entry heading | Vikalpa: The Journal for Decision Makers |
| 942 ## - ADDED ENTRY ELEMENTS (KOHA) | |
| Item type | Articles |
| Withdrawn status | Lost status | Source of classification or shelving scheme | Damaged status | Not for loan | Permanent location | Current location | Date acquired | Serial Enumeration / chronology | Barcode | Date last seen | Koha item type |
|---|---|---|---|---|---|---|---|---|---|---|---|
| Indian Institute of Public Administration | Indian Institute of Public Administration | 2025-02-12 | 49(4), Oct-Dec, 2024: p.290-301 | AR135208 | 2025-02-12 | Articles |
